000 00661 a2200181 4500
999 _c2800
_d2800
020 _a9781412979436 (pbk. : alk. paper)
050 0 0 _aHQ 767.9 COR 2011
100 1 _aCorsaro, William A.
_eauthor
245 1 4 _aThe sociology of childhood /
_cWilliam A. Corsaro.
250 _aMichael A. Hogg
_bMichael A. Hogg
264 _aLondon:
_SSage,
300 _axv, 437 p.
_bill.
500 _aincludes index
504 _aIncludes bibliographical references
650 0 _aChildren.
942 _2lcc
_cBK
_e3rd ed.
_h767.9
_iCOR
_kHQ